000 00347pab a2200157 454500
008 180718b2005 xxu||||| |||| 00| 0 eng d
100 _aAnand, Vinod
245 _aThe forthcoming budget
260 _c2005
300 _ap.26-30.
362 _a19 Feb
650 _aBudget - India
650 _aBudget
773 _aMainstream
909 _a64278
999 _c64278
_d64278